Turkic Languages of the Soviet Union - Statistics

General Stats
  • This quiz has been taken 25 times
    12 since last reset
  • The average score is 20 of 40
Answer Stats
Hint Answer % Correct
Kipchak - Bulgar Bashkir
100%
Kipchak - Nogai Kazakh
100%
Kipchak - Kyrgyz Kyrgyz
100%
Kipchak - Bulgar Tatar
100%
Karluk - Western Uzbek
100%
Oghuz - Western Azerbaijani
86%
Oghuric Chuvash
86%
Kipchak - Cuman Karachay-Balkar
86%
Oghuz - Eastern Turkmen
86%
Siberian Turkic - Southern - Sayan Tuvan
86%
Kipchak - Cuman Crimean Tatar
71%
Oghuz - Western Gagauz
71%
Oghuz - Western Meskhetian Turkish
71%
Kipchak - Nogai Nogai
71%
Karluk - Eastern Uigher
71%
Siberian Turkic - Northern Yakut
71%
Siberian Turkic - Southern - Yenisei Khakas
57%
Kipchak - Cuman Kumyk
57%
Karluk - Extinct Chagatai
43%
Siberian Turkic - Northern Dolgan
43%
Karluk - Eastern Ili Turki
43%
Kipchak - Cuman Karaim
43%
Kipchak - Nogai Karakalpak
43%
Kipchak - Cuman Krymchak
43%
Kipchak - Cuman Urum
43%
Kipchak - Nogai Dobrujan Crimean Tatar
29%
Siberian Turkic - Southern - Yenisei Northern Altai
29%
Siberian Turkic - Southern - Yenisei Shor
29%
Kipchak - Kyrgyz Southern Altai
29%
Siberian Turkic - Southern - Sayan Tofa
29%
Siberian Turkic - Southern - Sayan Dukhan
14%
Kipchak - Kyrgyz Eastern Siberian Tatar
14%
Kipchak - Kyrgyz - Extinct Fergana Kipchak
14%
Oghuz - Western - Extinct Karapapakh
14%
Kipchak - Cuman Mishar Tatar
14%
Oghuz - Western Southern Crimean Tatar
14%
Siberian Turkic - Southern - Sayan - Extinct Soyot
14%
Kipchak - Kyrgyz Tubular Northern Altai
14%
Kipchak - Nogai Western Siberian Tatar
14%
Siberian Turkic - Southern - Chulym Chulym
0%
No matching quizzes found
Score Distribution
Percent of People with Each Score
Percentile by Number Answered
Your Score History
You have not taken this quiz since the last reset